000 004380000a22001690004500
003 MACL
005 20150705142202.0
008 150705b xxu||||| |||| 00| 0 eng d
040 _aMACL
_cMACL
041 _aEnglish
100 _aMiri, Sujata
_9850
245 _aCommunalism In Assam
_bA Civilization Approach
260 _bHar Anand Publication
_c1998
_aNew Delhi
350 _a250
650 _aSocial Science
_929
942 _cBK
_k301
_2ddc
999 _c3593
_d3593